• 首页
  • 本馆介绍
  • 公告通知
  • 最新文献
  • 馆藏检索
  • 电子资源
  • 读者导购
  • 参考咨询
  • 我的图书馆
  • 登录
  • 详细信息显示
  • 放入我的书架
  • 预约/预借图书
  • 作者相关作品
  • 分类相关作品
  • 丛书相关作品
  • 出版社相关作品

书目信息

  • 表格格式
  • 工作单格式
  • 卡片格式
题名:
调频无线电技术
    
 
作者: 王保华 , 周志畅 编
分册:  
出版信息: 上海   上海科学技术出版社  1978.10
页数: 278页
开本: 20cm
丛书名:
单 册:
中图分类: TN76
科图分类:
主题词: 调制技术 , 调制器 , 解调技术 , 解调器
电子资源:
ISBN:
000 00664nam0 2200253 45
001 0206110954
005 20041224102048.3
010    @dCNY0.83
091    @a15119.1904
100    @a20020611d1978 km y0chiy0120 ea
101 0  @achi
105    @a z 000yy
200 1  @a调频无线电技术@ADiao Pin Wu Xian Dian Ji Shu@f王保华,周志畅编@FWang Bao Hua,Zhou Zhi Chang Bian
210    @a上海@c上海科学技术出版社@d1978.10
215    @a278页@d20cm
606 0  @a调制技术
606 0  @a调制器
606 0  @a解调技术
606 0  @a解调器
690    @aTN76@v3
701  0 @a王保华@4编
701  0 @a周志畅@4编
801    @aCN@bTSTC@c20020611
905    @dTN76@e1@f1@b4693
    
    调频无线电技术/王保华,周志畅编.-上海:上海科学技术出版社,1978.10
    278页;20cm
    
    
    ISBN :CNY0.83
    
●
相关链接 在E读中查询图书 在五车中查询图书 在当当中查询图书 在豆瓣中查询图书


正题名:调频无线电技术     索取号:TN76/1         预约/预借

序号 登录号 条形码 馆藏地/架位号 状态 备注
1 0003088   000700600   第二样本阅览室/ [索取号:TN76/1] 在馆    
2 0004693   000700575   第三借阅区/ [索取号:TN76/1] 在馆    
3 0230756   001800297   密集书库/ [索取号:TN76/1] 在馆    
4 0230757   001800288   密集书库/ [索取号:TN76/1] 在馆    
唐山师范学院图书馆 欢迎您!
大连网信软件有限公司© 版权所有